Chapter 6 Extending agency (Record no. 33422)
[ view plain ]
| 000 -LEADER | |
|---|---|
| fixed length control field | 00670nam a2200121Ia 4500 |
| 008 - FIXED-LENGTH DATA ELEMENTS--GENERAL INFORMATION | |
| fixed length control field | 220620s9999||||xx |||||||||||||| ||und|| |
| 100 ## - MAIN ENTRY--PERSONAL NAME | |
| Personal name | Raithelhuber, Eberhard |
| 245 #0 - TITLE STATEMENT | |
| Title | Chapter 6 Extending agency |
| Remainder of title | The merit of relational approaches for Childhood Studies |
| 546 ## - LANGUAGE NOTE | |
| Language note | English[eng] |
| 650 ## - SUBJECT ADDED ENTRY--TOPICAL TERM | |
| Topical term or geographic name entry element | agency||Beatrice Hungerland||childhood||developmental psychology||education||Florian Esser||family studies||Meike Baader||social work||sociology||sociology of childhood||Tanja Betz |
| 856 ## - ELECTRONIC LOCATION AND ACCESS | |
| Uniform Resource Identifier | <a href="https://library.oapen.org/bitstream/20.500.12657/46467/1/9781317524410-ch06.pdf||https://library.oapen.org/bitstream/20.500.12657/46467/1/9781317524410-ch06.pdf">https://library.oapen.org/bitstream/20.500.12657/46467/1/9781317524410-ch06.pdf||https://library.oapen.org/bitstream/20.500.12657/46467/1/9781317524410-ch06.pdf</a> |
| 942 ## - ADDED ENTRY ELEMENTS (KOHA) | |
| Koha item type | E-Books |
| Withdrawn status | Lost status | Damaged status | Not for loan | Home library | Current library | Date acquired | Total Checkouts | Date last seen | Price effective from | Koha item type |
|---|---|---|---|---|---|---|---|---|---|---|
| Kerala University of Digital Sciences, Innovation and Technology Knowledge Centre | Kerala University of Digital Sciences, Innovation and Technology Knowledge Centre | 20/06/2022 | 20/06/2022 | 20/06/2022 | E-Books |